| 000 | 00477nam a22001817a 4500 | ||
|---|---|---|---|
| 008 | 230421b |||||||| |||| 00| 0 eng d | ||
| 040 |
_aNational Science Library _cNational Science Library |
||
| 080 |
_a666.3/.7 _bK2 |
||
| 100 |
_aJenner, J P S _97183 |
||
| 245 | _aCeramics | ||
| 260 |
_aLondon: _bARCO Publications _c1962 |
||
| 300 | _a144p. | ||
| 650 | _aChemical technology | ||
| 653 | _aKilns | ||
| 653 | _aFiring | ||
| 700 | _aKent, D T N | ||
| 942 |
_2udc _cHDK |
||
| 999 |
_c22399 _d22399 |
||